Normal view
MARC view
Entry Personal Name
001 - CONTROL NUMBER
- control field: 14957
003 - CONTROL NUMBER IDENTIFIER
- control field: BD-RjUL
005 - DATE AND TIME OF LATEST TRANSACTION
- control field: 20250212104503.0
008 - FIXED-LENGTH DATA ELEMENTS
- fixed length control field: 250212|| aca||aabn | a|a d
040 ## - CATALOGING SOURCE
- Original cataloging agency: BD-RjUL
- Transcribing agency: BD-RjUL
100 ## - HEADING--PERSONAL NAME
- Personal name: Walsh, J. M.
- Fuller form of name: (James Morgan),
- Dates associated with a name: 1897-1952
670 ## - SOURCE DATA FOUND
- Source citation: Work cat.: (BD-RjUL)84668: Walsh, J. M. (James Morgan), 1897-1952., Spies from the skies /, 1941, [reprinted 1943]